Faktory ovplyvňujúce klientov pri výbere banky bakalárska práca

Saved in:
Bibliographic Details
Main Author: Kvasňovská, Veronika
Corporate Author: Národohospodárska fakulta EU. Katedra bankovníctva a medzinárodných financií
Other Authors: Klimiková, Mária
Format: Book
Language:Slovak
Published: Bratislava 2017
Tags: Add Tag
No Tags, Be the first to tag this record!

MARC

LEADER 00000nbm a2200000 4500
001 0233798
005 20180115153759.1
041 0 |a slo 
044 |a SK 
245 1 0 |a Faktory ovplyvňujúce klientov pri výbere banky  |b bakalárska práca  |c Veronika Kvasňovská ; školiteľ: Mária Klimiková 
264 1 |a Bratislava  |c 2017 
300 |a 58 s. 
100 1 |a Kvasňovská, Veronika 
700 1 |a Klimiková, Mária 
710 2 |a Národohospodárska fakulta EU. Katedra bankovníctva a medzinárodných financií